Cosmografía en la Antiguedad: (Record no. 194551)

MARC details
000 -LEADER
campo de control de longitud fija 01954nam a2200361 i 4500
001 - NÚMERO DE CONTROL
campo de control 194551
003 - IDENTIFICADOR DE NÚMERO DE CONTROL
campo de control ES-MaACL
005 - FECHA Y HORA DE LA ÚLTIMA TRANSACCIÓN
campo de control 20250829091719.0
007 - CAMPO FIJO DE DESCRIPCIÓN FÍSICA--INFORMACIÓN GENERAL
campo de control de longitud fija ta
008 - DATOS DE LONGITUD FIJA--INFORMACIÓN GENERAL
campo de control de longitud fija 240506s2023 sp ||||| |||| 00| 0 spa d
017 ## - NÚMERO DE COPYRIGHT O DE DEPÓSITO LEGAL
Número de copyright o de depósito legal M 33933-2023
Agencia que asigna Oficina del Depósito legal Madrid
020 ## - NÚMERO INTERNACIONAL ESTÁNDAR DEL LIBRO
Número Internacional Estándar del Libro 9788490918371
Información calificativa Edición impresa
020 ## - NÚMERO INTERNACIONAL ESTÁNDAR DEL LIBRO
Número Internacional Estándar del Libro 9788490918388
Información calificativa Edición en línea
040 ## - FUENTE DE CATALOGACIÓN
Lengua de catalogación spa
Centro/agencia transcriptor ES-MaACL
100 ## - ENTRADA PRINCIPAL--NOMBRE DE PERSONA
Nombre de persona Barrado Navascués, David
9 (RLIN) 236201
245 10 - MENCIÓN DEL TÍTULO
Título Cosmografía en la Antiguedad:
Resto del título Mesopotamia y el mundo grecorromano /
Mención de responsabilidad, etc. David Barrado Navascués.
250 ## - MENCION DE EDICION
Mención de edición Diciembre: 2023
260 ## - PUBLICACIÓN, DISTRIBUCIÓN, ETC.
Lugar de publicación, distribución, etc. [Madrid] :
Nombre del editor, distribuidor, etc. Instituto Nacional de Técnica Aerospacial,
Fecha de publicación, distribución, etc. [2023]
300 ## - DESCRIPCIÓN FÍSICA
Extensión 431 páginas ;
Dimensiones 24 cm
336 ## - TIPO DE CONTENIDO
Fuente rdacontent
Término de tipo de contenido texto
337 ## - TIPO DE MEDIO
Fuente rdamedia
Nombre/término del tipo de medio sin mediación
338 ## - TIPO DE SOPORTE
Fuente rdacarrier
Nombre/término del tipo de soporte volumen
504 ## - NOTA DE BIBLIOGRAFÍA, ETC.
Nota de bibliografía, etc. Bibliografía: páginas 410-431
520 ## - RESUMEN, ETC.
Sumario, etc. Este volumen es el primero de los tres libros que completan el segundo doctorado del David Barrado Navascués. En esta primera obra, persigue uno de los temas más esquivos de la Antigüedad: el origen, estudio y concepción de la cosmografía. El enfoque analítico se circunscribe a Mesopotamia y al mundo grecorromano, constituyendo un punto de encuentro entre los aficionados a la cosmografía y los amantes de la Historia Antigua. El bagaje académico del libro se complementa con un estilo fácil, ameno y didáctico, creando una obra apta tanto para expertos como para principiantes.
650 #7 - PUNTO DE ACCESO ADICIONAL DE MATERIA--TÉRMINO DE MATERIA
Término de materia o nombre geográfico como elemento de entrada Cosmografía-
Subdivisión de forma Historia
Fuente del encabezamiento o término
9 (RLIN) 157219
852 ## - LOCALIZACIÓN
Ubicación ES-MaACL
Sublocalización o colección R.154967
Ubicación en estantería Depósito J
Número de control de estantería N-9750
Donativo/Legado Donación: David Barrado Navascués
itemnumber 202164
Encuadernación Encuadernación rústica
903 ## - NOMBRE PERSONAL DE DONANTE
9 236201
a Barrado Navascués, David
942 ## - ELEMENTOS DE ENTRADA SECUNDARIOS (KOHA)
Suprimir en OPAC No
Tipo de ítem Koha Libro impreso
Holdings
Estatus retirado Estado de pérdida Fuente del sistema de clasificación o colocación Estado de daño No para préstamo Colección Biblioteca de origen Biblioteca actual Ubicación en estantería Fecha de adquisición Fuente de adquisición Total de préstamos Signatura topográfica completa Código de barras Visto por última vez Precio de reemplazo Tipo de ítem Koha Nota pública
    Clasificación decimal universal     Libros con dedicatorias Biblioteca del Ateneo de Madrid Biblioteca del Ateneo de Madrid Depósito J 06/05/2024 Donación   N-9750 101227230 06/05/2024 06/05/2024 Libro impreso Dedicatoria autógrafa del autor